000 00443nam a2200145Ia 4500
008 100122s9999 xx 000 0 und d
082 _b22225
_a823
100 _aभावे पु भा
245 _aरखमाच्या मुली
260 _bमेनका प्रकाशन
_c1975
300 _a108
630 _aरखमाच्या मुली
730 _aरखमाच्या मुली
942 _cBOOK
999 _c410125
_d410122